One hundred years of solitude / (Record no. 617436)
[ view plain ]
| 000 -LEADER | |
|---|---|
| fixed length control field | 00486 a2200169 4500 |
| 020 ## - INTERNATIONAL STANDARD BOOK NUMBER | |
| International Standard Book Number | 9780141184999 |
| 040 ## - CATALOGING SOURCE | |
| Original cataloging agency | DLC |
| Language of cataloging | DLC |
| 082 ## - DEWEY DECIMAL CLASSIFICATION NUMBER | |
| Classification number | 863,MAR |
| 100 ## - MAIN ENTRY--PERSONAL NAME | |
| Personal name | Marquez, Gabriel Garcia |
| 9 (RLIN) | 134437 |
| 245 ## - TITLE STATEMENT | |
| Title | One hundred years of solitude / |
| Statement of responsibility, etc. | Gabriel Garcia Marquez |
| 260 ## - PUBLICATION, DISTRIBUTION, ETC. | |
| Place of publication, distribution, etc. | USA |
| Name of publisher, distributor, etc. | Penguin Book |
| Date of publication, distribution, etc. | 1970 Reprinted 2021 |
| 300 ## - PHYSICAL DESCRIPTION | |
| Extent | 422 p. |
| 650 ## - SUBJECT ADDED ENTRY--TOPICAL TERM | |
| Topical term or geographic name entry element | Novel, Macondo |
| 9 (RLIN) | 134438 |
| 651 ## - SUBJECT ADDED ENTRY--GEOGRAPHIC NAME | |
| Geographic name | Latin America |
| 9 (RLIN) | 134439 |
| 700 ## - ADDED ENTRY--PERSONAL NAME | |
| Relator code | Gabriel Garcia Marquez |
| 942 ## - ADDED ENTRY ELEMENTS (KOHA) | |
| Koha item type | Fiction |
| Call number prefix | 863,MAR |
| Source of classification or shelving scheme | |
| Withdrawn status | Lost status | Source of classification or shelving scheme | Damaged status | Not for loan | Permanent Location | Current Location | Shelving location | Date acquired | Total Checkouts | Full call number | Barcode | Date last seen | Price effective from | Koha item type |
|---|---|---|---|---|---|---|---|---|---|---|---|---|---|---|
| Military College of Signals (MCS) | Military College of Signals (MCS) | General Stacks | 05/13/2026 | 863,MAR | MCS38996 | 05/13/2026 | 05/13/2026 | Fiction |
